000 00725nam a2200217 4500
005 20231116143433.0
008 230418b |||||||| |||| 00| 0 eng d
020 _a0631210806
040 _aMCHVL
041 _aEnglish
082 _a174.403
_bWER
245 _aThe Blackwell encyclopedic dictionary of business ethics /
_cedited by Patricia H Werhane and R. Edward Freeman
260 _aMassachusetts :
_bBlackwell,
_c1997.
300 _axxvii, 712p. ;
_c24cm.
490 _aThe Blackwell encyclopedia of management / edited by Cary L. Cooper and Chris Argyris
500 _aIncludes index.
650 _aBusiness ethics
700 _aWerhane, Patricia H
_eed.
700 _aFreeman, R. Edward
_eed.
942 _cBK
999 _c5068
_d5068